000 00353nam a2200157Ia 4500
003 Ost
005 20260225132550.0
008 260225s9999||||xx |||||||||||||| ||und||
040 _cfsic
041 _afre
082 _a440
100 _aOeuvres
_eAuteur
245 0 _aLénine tome :
245 0 _b26-17-29-24-23-28-03-18 /
_cOeuvres
942 _cكتاب
999 _c34078
_d34078